Trendy rozvoja v kúpeľníctve bakalárska práca
Na minha lista:
| Autor principal: | |
|---|---|
| Autor Corporativo: | |
| Outros Autores: | |
| Formato: | Livro |
| Idioma: | eslovaco |
| Publicado em: |
Bratislava
2014
|
| Tags: |
Sem tags, seja o primeiro a adicionar uma tag!
|
MARC
| LEADER | 00000nbm a2200000 4500 | ||
|---|---|---|---|
| 001 | 0188430 | ||
| 005 | 20170201102506.4 | ||
| 041 | 0 | |a slo | |
| 044 | |a SK | ||
| 245 | 1 | 0 | |a Trendy rozvoja v kúpeľníctve |b bakalárska práca |c Andrej Puček ; školiteľ: Katarína Mrkvová |
| 264 | 1 | |a Bratislava |c 2014 | |
| 300 | |a 51 s. | ||
| 100 | 1 | |a Puček, Andrej | |
| 700 | 1 | |a Mrkvová, Katarína | |
| 710 | 2 | |a Obchodná fakulta EU. Katedra služieb a cestovného ruchu - zrušené | |